ယုမ်ႉၶမ်ၶဵဝ် (မၢႆသီႇ)။ (Record no. 23811)

000 -LEADER
fixed length control field 00773nam a22002177a 4500
003 - CONTROL NUMBER IDENTIFIER
control field OSt
005 - DATE AND TIME OF LATEST TRANSACTION
control field 20260122161018.0
008 - FIXED-LENGTH DATA ELEMENTS--GENERAL INFORMATION
fixed length control field 230409b ||||| |||| 00| 0 eng d
040 ## - CATALOGING SOURCE
Transcribing agency Ost
041 ## - LANGUAGE CODE
Language code of text/sound track or separate title Shan
082 ## - DEWEY DECIMAL CLASSIFICATION NUMBER
Classification number 398.2
245 ## - TITLE STATEMENT
Title ယုမ်ႉၶမ်ၶဵဝ် (မၢႆသီႇ)။
Statement of responsibility, etc. ၸၢႆးပၢၼ်းႁႅင်း--(လႄႈတၢင်ႇၵေႃႉ)
260 ## - PUBLICATION, DISTRIBUTION, ETC.
Date of publication, distribution, etc. 2016
300 ## - PHYSICAL DESCRIPTION
Extent 72 ၼႃႈ
Other physical details ၵႃႇတုၼ်း
Dimensions 21 ၸိၼ်ထီႇ
500 ## - GENERAL NOTE
General note S-SAT: Dr. Prof Sai Aung Tun
General note ပပ်ႉၸဝ်ႈတႃႇၼႁင်းၶေႃ တွၵ်ႉတိူဝ်ႉၸၢႆးဢွင်ႇထုၼ်း။
650 ## - SUBJECT ADDED ENTRY--TOPICAL TERM
Topical term or geographic name entry element ဢပုမ်ႇ
942 ## - ADDED ENTRY ELEMENTS (KOHA)
Koha item type Book (Short term)
Source of classification or shelving scheme
Source of classification or shelving scheme
Holdings
Withdrawn status Lost status Source of classification or shelving scheme Damaged status Not for loan Collection Code Permanent Location Current Location Shelving location Date acquired Total Checkouts Full call number Barcode Date last seen Copy number Price effective from Koha item type Accession
          Tai Collection Shan State Buddhist University Library Shan State Buddhist University Library Special Collection Shelves 09/04/2023   398.2 ယုမ်ႉ ႒႔႒႕(1) S-SAT SH00002425 09/04/2023 1 09/04/2023 Book (Short term) ႒႔႒႕(1) S-SAT
          Tai Collection Shan State Buddhist University Library Shan State Buddhist University Library Special Collection Shelves 09/04/2023   398.2 ယုမ်ႉ ႒႔႒႖(2) S-SAT SH00002426 09/04/2023 2 09/04/2023 Book (Short term) ႒႔႒႖(2) S-SAT
          Tai Collection Shan State Buddhist University Library Shan State Buddhist University Library Special Collection Shelves 09/04/2023   398.2 ယုမ်ႉ ႒႔႒႗(3) S-SAT SH00002427 09/04/2023 3 09/04/2023 Book (Short term) ႒႔႒႗(3) S-SAT
          Tai Collection Shan State Buddhist University Library Shan State Buddhist University Library Special Collection Shelves 09/04/2023   398.2 ယုမ်ႉ ႒႔႒႘(4) S-SAT SH00002428 09/04/2023 4 09/04/2023 Book (Short term) ႒႔႒႘(4) S-SAT
          Tai Collection Shan State Buddhist University Library Shan State Buddhist University Library Special Collection Shelves 09/04/2023   398.2 ယုမ်ႉ ႒႔႒႙(5) S-SAT SH00002429 09/04/2023 5 09/04/2023 Book (Short term) ႒႔႒႙(5) S-SAT
          Tai Collection Shan State Buddhist University Library Shan State Buddhist University Library Special Collection Shelves 09/04/2023   398.2 ယုမ်ႉ ႒႔႓႐(6) S-SAT SH00002430 09/04/2023 6 09/04/2023 Book (Short term) ႒႔႓႐(6) S-SAT

Library - 09407999929
Admin Office - 09407999979
Dean Office - 09250910768
Registrar Office - 09892297154
Email - [email protected]
Shan State Buddhist University, Phaya Phyu Taunggyi, Shan State, Myanmar.